| 000 | 00637nam a22002417a 4500 | ||
|---|---|---|---|
| 003 | OSt | ||
| 005 | 20140310184528.0 | ||
| 008 | 131104t xxu||||| |||| 00| 0 eng d | ||
| 020 | _a0908643853 | ||
| 050 |
_aPZ 7 _b.B128Wi 1989 |
||
| 100 |
_aBacon, Ron _930454 |
||
| 245 |
_aWind / _cRon Bacon. |
||
| 260 |
_aHongkong: _bAshton Scholastic, _cc1989. |
||
| 300 |
_a15 p. : _bill. col. ; _c37 cm. |
||
| 521 | _aBR | ||
| 526 | _cBR | ||
| 650 |
_aReaders (Primary) _930455 |
||
| 650 |
_aWinds _xJuvenile literature _930456 |
||
| 650 |
_aLiterature _92409 |
||
| 650 |
_aShort story _922219 |
||
| 942 |
_2lcc _cBK-SCHOLAS |
||
| 999 |
_c35175 _d35175 |
||